LIBRARY & INFORMATION CENTRE, KCAET, TAVANUR

ONLINE PUBLIC ACCESS CATALOGUE (OPAC)

Plane geometry : A clear thinking approach / (Record no. 2910)

MARC details
000 -LEADER
fixed length control field 00480cam a2200181ua 4500
082 ## - DEWEY DECIMAL CLASSIFICATION NUMBER
Classification number 516.05
Item number SCH/PL
100 ## - MAIN ENTRY--AUTHOR NAME
Personal name Schnell, Lerog .
245 ## - TITLE STATEMENT
Title Plane geometry : A clear thinking approach /
250 ## - EDITION STATEMENT
Edition statement 3 /
260 ## - PUBLICATION, DISTRIBUTION, ETC. (IMPRINT)
Place of publication New York :
Name of publisher McGraw Hill Book Company ,
Year of publication 1953.
300 ## - PHYSICAL DESCRIPTION
Number of Pages 436 ; .
700 1# - ADDED ENTRY--PERSONAL NAME
Personal name Crawford, Mildred G.
942 ## - ADDED ENTRY ELEMENTS (KOHA)
Koha item type Books
Holdings
Withdrawn status Lost status Damaged status Home library Current library Date acquired Full call number Accession Number Koha item type
      KAUAET KAUAET 07/04/2012 516.05 5556 Books
free website counter